000 00559nmm a2200181Ia 4500
008 251105s9999||||xx |||||||||||||||||und||
020 _a9789560105806
041 _aspa
100 _aNail Kröyer, Oscar
245 0 _aGestión y liderazgo en el ámbito de la convivencia escolar
264 _a[Santiago de Chile, Chile] :
_bRil editores,
_c2018
300 _a192 páginas
650 _aEducation
700 _aNail Kröyer, Oscar
700 1 _a Monereo Font, Carles (eds.)
856 _uhttps://public.digitaliapublishing.com/a/65383
942 _cCF
999 _c69262
_d69262